Catálogo de la Biblioteca Horacio González - Universidad Nacional de General Sarmiento

El jorobadito (Registro nro. 51513)

Detalles MARC
000 -CABECERA
campo de control de longitud fija 00811nam a22003010a 4500
001 - NÚMERO DE CONTROL
campo de control PT59201
003 - IDENTIFICADOR DEL NÚMERO DE CONTROL
campo de control AR-LpoUNG
005 - FECHA Y HORA DE LA ÚLTIMA TRANSACCIÓN
campo de control 20260120152308.0
008 - DATOS DE LONGITUD FIJA--INFORMACIÓN GENERAL
campo de control de longitud fija 201001s2017||||ag |||||||||||||||||spa d
020 ## - NÚMERO INTERNACIONAL ESTÁNDAR DEL LIBRO
Número Internacional Estándar del Libro 9789876302708
Condiciones de disponibilidad $4
040 ## - FUENTE DE LA CATALOGACIÓN
Centro catalogador/agencia de origen AR-LpoUNG
Lengua de catalogación spa
Normas de descripción aacr
041 0# - CÓDIGO DE LENGUA
Código de lengua del texto/banda sonora o título independiente spa
044 ## - CÓDIGO DEL PAÍS DE LA ENTIDAD EDITORA/PRODUCTORA
Código MARC del país ag
082 0# - NÚMERO DE LA CLASIFICACIÓN DECIMAL DEWEY
Número de clasificación A863 723jor
100 1# - ENTRADA PRINCIPAL--NOMBRE DE PERSONA
Nombre de persona Arlt, Roberto
245 13 - MENCIÓN DE TÍTULO
Título El jorobadito
250 ## - MENCIÓN DE EDICIÓN
Mención de edición 1ra. ed.
260 ## - PUBLICACIÓN, DISTRIBUCIÓN, ETC.
Lugar de publicación, distribución, etc. Los Polvorines :
Nombre del editor, distribuidor, etc. Universidad Nacional de General Sarmiento,
Fecha de publicación, distribución, etc. 2017.
300 ## - DESCRIPCIÓN FÍSICA
Extensión 41 p. :
Otras características físicas tbls., gráfs.
490 0# - MENCIÓN DE SERIE
Mención de serie Contra Tiempos
650 #4 - PUNTO DE ACCESO ADICIONAL DE MATERIA--TÉRMINO DE MATERIA
Término de materia o nombre geográfico como elemento de entrada ARGENTINA
650 #4 - PUNTO DE ACCESO ADICIONAL DE MATERIA--TÉRMINO DE MATERIA
Término de materia o nombre geográfico como elemento de entrada CUENTOS
650 #4 - PUNTO DE ACCESO ADICIONAL DE MATERIA--TÉRMINO DE MATERIA
Término de materia o nombre geográfico como elemento de entrada LITERATURA
653 #0 - TÉRMINO DE INDIZACIÓN--NO CONTROLADO
Término no controlado LITERATURA ARGENTINA
856 40 - LOCALIZACIÓN Y ACCESO ELECTRÓNICOS
Identificador Uniforme del Recurso <a href="http://repositorio.ungs.edu.ar:8080/xmlui/handle/UNGS/808">http://repositorio.ungs.edu.ar:8080/xmlui/handle/UNGS/808</a>
Texto de enlace Texto completo
905 ## - ELEMENTOS DE DATOS E LOCAL, LDE (RLIN)
a 59201
942 ## - ELEMENTOS DE PUNTO DE ACCESO ADICIONAL (KOHA)
Tipo de ítem Koha Libro
Fuente del sistema de clasificación o colocación Dewey Decimal Classification
Existencias
Estado de retiro Estado de pérdida Estado dañado No para préstamo Código de colección Localización permanente Ubicación/localización actual Fecha de adquisición Total de préstamos Signatura topográfica completa Código de barras Fecha visto por última vez Precio válido a partir de Tipo de ítem Koha Fuente del sistema de clasificación o colocación Fecha del último préstamo Renovaciones totales
        Colección Ediciones UNGS Biblioteca Universidad Nacional de General Sarmiento Biblioteca Universidad Nacional de General Sarmiento 01/02/2021   A863 723jor CUNGS1853 01/02/2021 01/02/2021 Libro      
Retirado     No es para préstamo Colección Ediciones UNGS Biblioteca Universidad Nacional de General Sarmiento Biblioteca Universidad Nacional de General Sarmiento 01/02/2021   A863 723jor CUNGS1854 01/02/2021 01/02/2021 Libro Dewey Decimal Classification    
        Colección General Biblioteca Universidad Nacional de General Sarmiento Biblioteca Universidad Nacional de General Sarmiento 01/02/2021 1 A863 723jor 00063750 13/05/2022 01/02/2021 Libro   12/05/2022  
        Colección General Biblioteca Universidad Nacional de General Sarmiento Biblioteca Universidad Nacional de General Sarmiento 01/02/2021 1 A863 723jor 00063751 13/05/2022 01/02/2021 Libro   12/05/2022  
        Colección General Biblioteca Universidad Nacional de General Sarmiento Biblioteca Universidad Nacional de General Sarmiento 01/02/2021 2 A863 723jor 00063752 08/07/2022 01/02/2021 Libro   23/06/2022  
        Colección General Biblioteca Universidad Nacional de General Sarmiento Biblioteca Universidad Nacional de General Sarmiento 01/02/2021 1 A863 723jor S00063749 13/05/2022 01/02/2021 Lectura en Sala   12/05/2022  
        Colección General Biblioteca Universidad Nacional de General Sarmiento Biblioteca Universidad Nacional de General Sarmiento 10/06/2023 1 A863 723jor 00067932 26/03/2025 10/06/2023 Libro Dewey Decimal Classification 11/03/2025 1